00665 2200181 4500001002100000005001500021035002000036007000300056008003900059082001700098084002300115100002700138245016100165260008400326300004200410650001100452650002000463INLIS00000000000108320241025091900 a0010-1024000053ta241025 | | |  a636.07-636.5 a636.07-636.5 GUI o0 aGuilloteau, Laurence A1 aOn-farm hatching and contact with adult hen post hatch induce sex-dependent effects on performance and welfare in broiler chickens /cGuilloteau, Laurence A aUnited States, Cold Spring Harbor :bCold Spring Harbor Laboratory Press,c2024 a1-45 hlm, :bilus, ;c21 cm X 29,5 cm 4aJurnal 4aPeternakan Ayam